| 000 | 00981nas a2200337 4500 | ||
|---|---|---|---|
| 001 | BR2014002399 | ||
| 003 | BR-BrBNA | ||
| 005 | 20231205123927.0 | ||
| 007 | ta | ||
| 008 | 230509b bl.|||p| |||| 00| 00por d | ||
| 040 |
_aBR-BrBNA _bpor _cBiblioteca Nacional de Agricultura |
||
| 041 | _a(En) | ||
| 072 | _aL01; L02 | ||
| 100 | 1 | _aLira, R.C. | |
| 100 | 1 | _aRabello, C.B. | |
| 100 | 1 | _aLudke, M. do C.M.M. | |
| 100 | 1 | _aFerreira, P.V. | |
| 100 | 1 | _aLana, G.R.Q. | |
| 100 | 1 | _aLana, S.R.V. | |
| 245 | 1 | _aProductive performance of broiler chickens fed tomato waste | |
| 650 | _aFRANGO DE CORTE | ||
| 650 | _aCARCAÇA | ||
| 650 | _aGANHO DE PESO | ||
| 650 | _aDIETA | ||
| 650 | _aRESÍDUO | ||
| 650 | _aTOMATE | ||
| 773 | 0 |
_tRevista Brasileira de Zootecnia (Brazil) _xISSN 1806-9290 _g(May 2010), v. 39(5) p. 1074-1081 _wBR2014002399 |
|
| 856 | 4 | 0 | _uhttp://www.scielo.br/pdf/rbz/v39n5/18.pdf |
| 909 |
_a202311 _bLúcia _c55 _dLúcia Elande |
||
| 942 |
_2AGRIS _n0 _cANA |
||
| 999 |
_c236428 _d236428 |
||